[Event "Landesklasse West 2014/2015"]
[Site "?"]
[Date "2015.01.11"]
[Round "6"]
[White "Crivellaro, Heiko"]
[Black "Schwarz, Hilmar"]
[Result "0-1"]
[WhiteElo "1810"]
[BlackElo "1872"]
[PlyCount "58"]
[EventDate "2015.??.??"]

1. f4 f5 2. Nf3 Nf6 3. e3 e6 4. Be2 b6 5. O-O Bb7 6. b3 d6 7. Ng5 Qe7 8. Nc3
Nbd7 9. Nb5 Nc5 10. Nd4 g6 11. Bb5+ Nfd7 12. b4 h6 13. bxc5 dxc5 14. Nc6 Qd6
15. Ne5 hxg5 16. Bxd7+ Ke7 17. Bb5 Bg7 18. Nxg6+ Kf7 19. Nxh8+ Rxh8 20. c3 c4
21. Bxc4 g4 22. Qe2 Bf6 23. d4 Qf8 24. Rd1 Rxh2 25. d5 Qh6 26. Qd2 g3 27. Kf1
Rh1+ 28. Ke2 Qh5+ 29. Kd3 Rxd1 0-1

[Event "Landesklasse West 2014/2015"]
[Site "?"]
[Date "2015.01.11"]
[Round "6"]
[White "Königsdörfer, Gerhard"]
[Black "Wolf, Tristan"]
[Result "1-0"]
[WhiteElo "1886"]
[BlackElo "1548"]
[PlyCount "45"]
[EventDate "2015.??.??"]

1. e4 c6 2. d4 d5 3. e5 Bf5 4. h4 h6 5. g4 Bg6 6. e6 fxe6 7. Bf4 e5 8. dxe5 e6
9. Bd3 Ne7 10. h5 Bxd3 11. Qxd3 Qb6 12. Nd2 c5 13. Ngf3 Nbc6 14. Be3 a5 15. c3
Qc7 16. Bxc5 Nxe5 17. Nxe5 Qxe5+ 18. Be3 Kf7 19. O-O-O Qc7 20. f4 Rb8 21. Bd4
Qc6 22. Nf3 Qc4 23. Ne5+ 1-0

[Event "Landesklasse West 2014/2015"]
[Site "?"]
[Date "2015.01.11"]
[Round "6"]
[White "Abe, Rico"]
[Black "Hilbert, Stephan-Jörg"]
[Result "1/2-1/2"]
[WhiteElo "1664"]
[BlackElo "1698"]
[PlyCount "48"]
[EventDate "2015.??.??"]

1. e4 d5 2. exd5 Qxd5 3. Nc3 Qa5 4. d4 Nf6 5. Nf3 Bf5 6. Bd3 Bg6 7. Bxg6 hxg6
8. Bd2 c6 9. Ne4 Qc7 10. Nxf6+ gxf6 11. c3 Nd7 12. Qe2 O-O-O 13. O-O-O e6 14.
g3 Bd6 15. Be3 Rh5 16. h4 Rhh8 17. Nd2 e5 18. Ne4 Be7 19. dxe5 fxe5 20. Qc4 f5
21. Ng5 Bxg5 22. Bxg5 Rde8 23. Qe2 Rhg8 24. Rd2 Nb6 1/2-1/2

[Event "Landesklasse West 2014/2015"]
[Site "?"]
[Date "2015.01.11"]
[Round "6"]
[White "Graupner, Markus"]
[Black "Heß, Wolfgang"]
[Result "1/2-1/2"]
[WhiteElo "1692"]
[BlackElo "1725"]
[PlyCount "33"]
[EventDate "2015.??.??"]

1. Nf3 Nf6 2. c4 d5 3. b3 e6 4. Bb2 Be7 5. g3 b6 6. Bg2 Bb7 7. O-O O-O 8. d4
Nbd7 9. Nbd2 c5 10. Rc1 Rc8 11. cxd5 Nxd5 12. Nc4 N5f6 13. dxc5 Nxc5 14. Be5
Bd5 15. Qd4 Bxc4 16. Rxc4 Qxd4 17. Rxd4 1/2-1/2

[Event "Landesklasse West 2014/2015"]
[Site "?"]
[Date "2015.01.11"]
[Round "6"]
[White "Schmidt, Kevin"]
[Black "Anschütz, Bernd"]
[Result "1-0"]
[WhiteElo "1533"]
[BlackElo "1725"]
[PlyCount "51"]
[EventDate "2015.??.??"]

1. d4 d5 2. c4 e5 3. dxe5 d4 4. Nf3 Bb4+ 5. Bd2 Bxd2+ 6. Nbxd2 c5 7. Nb3 b6 8.
e3 dxe3 9. Qxd8+ Kxd8 10. fxe3 Nc6 11. a3 Nge7 12. Bd3 h6 13. Rd1 Kc7 14. O-O
Be6 15. Nbd2 Rad8 16. Nb1 Na5 17. b4 Nxc4 18. Bxc4 Bxc4 19. Rxd8 Rxd8 20. Rc1
Bd3 21. bxc5 Bxb1 22. cxb6+ Kxb6 23. Rxb1+ Kc7 24. Nd4 a6 25. Rf1 Rf8 26. Ne6+
1-0

[Event "Landesklasse West 2014/2015"]
[Site "?"]
[Date "2015.01.11"]
[Round "6"]
[White "Ulbricht, Olaf"]
[Black "Theer, Tino"]
[Result "0-1"]
[WhiteElo "1608"]
[BlackElo "1702"]
[PlyCount "94"]
[EventDate "2015.??.??"]

1. e4 e5 2. f4 exf4 3. Nf3 h6 4. Bc4 d6 5. d4 g5 6. Nc3 Ne7 7. b3 Bg7 8. Bb2
Bg4 9. Be2 Nbc6 10. d5 Ne5 11. Nxe5 Bxe2 12. Qxe2 Bxe5 13. Qb5+ Qd7 14. Qxb7
O-O 15. Qa6 Qg4 16. Qe2 Qxe2+ 17. Kxe2 f5 18. Kf3 fxe4+ 19. Kxe4 Rae8 20. Na4
Bxb2 21. Nxb2 Nf5+ 22. Kd3 Re3+ 23. Kd2 Rfe8 24. Rae1 Rxe1 25. Rxe1 Rxe1 26.
Kxe1 Ne3 27. c4 Nxg2+ 28. Kf2 Ne3 29. Nd3 Kf7 30. a4 a5 31. c5 Nxd5 32. cxd6
cxd6 33. Kf3 Nf6 34. b4 axb4 35. Nxb4 Ke6 36. a5 Nd5 37. Nc6 Nc7 38. Nb4 Kf5
39. Nc6 g4+ 40. Kg2 Ke4 41. Nb4 h5 42. a6 h4 43. a7 d5 44. Na6 Na8 45. Nc5+ Ke3
46. Nd7 Ke2 47. Nf6 f3+ 0-1

[Event "Landesklasse West 2014/2015"]
[Site "?"]
[Date "2015.01.11"]
[Round "6"]
[White "Meister, Matthias"]
[Black "Krüger, Karsten"]
[Result "1-0"]
[WhiteElo "1745"]
[BlackElo "1254"]
[PlyCount "61"]
[EventDate "2015.??.??"]

1. e4 e5 2. Nf3 Nc6 3. Bc4 d6 4. d3 Bg4 5. h3 Bxf3 6. Qxf3 Qf6 7. Qd1 Qg6 8.
O-O a6 9. f4 O-O-O 10. f5 Qf6 11. Qg4 h6 12. Nc3 Nge7 13. Be3 Nb4 14. Bb3 d5
15. Bc5 d4 16. Bxe7 Bxe7 17. Nd5 Nxd5 18. Bxd5 h5 19. Qg3 c6 20. Bb3 Rdf8 21.
a3 Kc7 22. Rf3 Kd6 23. Qe1 Qh4 24. Qb4+ Kc7 25. Qa5+ Kd6 26. Qb6 Bg5 27. Qxb7
Be3+ 28. Kh1 Rhg8 29. Raf1 g5 30. f6 g4 31. Qe7# 1-0

[Event "Landesklasse West 2014/2015"]
[Site "?"]
[Date "2015.01.11"]
[Round "6"]
[White "Latussek, Paul"]
[Black "Stöber, Alexander"]
[Result "1-0"]
[WhiteElo "1446"]
[BlackElo "1683"]
[PlyCount "81"]
[EventDate "2015.??.??"]

1. f4 d5 2. Nf3 Nf6 3. e3 Bf5 4. Be2 e6 5. O-O Nbd7 6. b3 Be7 7. Bb2 O-O 8. Nh4
h6 9. Nxf5 exf5 10. c4 Nb6 11. d4 c6 12. c5 Nbd7 13. Qd3 Ne4 14. Nd2 Ndf6 15.
Nxe4 Nxe4 16. Bf3 Qd7 17. Rad1 Rfe8 18. Bxe4 fxe4 19. Qe2 Qe6 20. f5 Qf6 21.
Ba1 Bd8 22. Rf2 Bc7 23. Rdf1 Qh4 24. g3 Qf6 25. Rg2 g6 26. fxg6 Qxg6 27. Rf4
Bxf4 28. gxf4 Kh7 29. Rxg6 fxg6 30. Bc3 Rg8 31. h4 Raf8 32. Be1 Rf5 33. b4 g5
34. hxg5 hxg5 35. Qh5+ Kg7 36. Qg4 Kf6 37. Bh4 Rg7 38. fxg5+ Rfxg5 39. Kg2 R7g6
40. Kh3 Rg7 41. Qf4+ 1-0

[Event "Landesklasse West 2014/2015"]
[Site "?"]
[Date "2015.01.11"]
[Round "6"]
[White "Kirchberg, Hans-Georg"]
[Black "Löhn, Marko"]
[Result "1-0"]
[WhiteElo "1661"]
[BlackElo "1553"]
[PlyCount "57"]
[EventDate "2015.??.??"]

1. d4 Nf6 2. Nf3 d6 3. e3 g6 4. Bd3 Bg7 5. O-O O-O 6. Nbd2 Nbd7 7. c3 c5 8. Re1
d5 9. Qe2 e6 10. h3 b6 11. e4 Bb7 12. e5 Ne8 13. Nf1 h6 14. N1h2 Kh7 15. Ng4
Rh8 16. Bf4 Kg8 17. Qd2 g5 18. Be3 c4 19. Bc2 Nf8 20. Qe2 f5 21. exf6 Nxf6 22.
Nge5 Qe8 23. a4 N6d7 24. Bc1 Nf6 25. Nh2 Qh5 26. Nhg4 Ne4 27. Bxe4 dxe4 28.
Nf6+ Bxf6 29. Qxh5 1-0

[Event "Landesklasse West 2014/2015"]
[Site "?"]
[Date "2015.01.11"]
[Round "6"]
[White "Handschuh, Franz"]
[Black "Strecker, Frank"]
[Result "1/2-1/2"]
[WhiteElo "1860"]
[BlackElo "1643"]
[PlyCount "181"]
[EventDate "2015.??.??"]

1. d4 Nf6 2. e3 d5 3. Bd3 g6 4. f4 Bg7 5. Nf3 Bg4 6. O-O Bxf3 7. Qxf3 e6 8. Nd2
c6 9. c3 Nbd7 10. e4 dxe4 11. Nxe4 Nxe4 12. Bxe4 Nf6 13. Bc2 Qd5 14. Qe2 O-O
15. Bd2 Rfe8 16. Rfe1 Rac8 17. Bb3 Qh5 18. Qf2 Qf5 19. Qf3 Nd5 20. Re2 Qf6 21.
Rae1 Qd8 22. g4 Qh4 23. Kh1 h5 24. Rg1 hxg4 25. Rxg4 Qh5 26. Qg2 Qf5 27. Bc1
Nf6 28. Rg3 Nh5 29. Rf3 Qb1 30. Qg1 Qf5 31. a3 Qb5 32. Bd1 Qd5 33. Rg2 Qf5 34.
Bc2 Qd5 35. Qf2 f5 36. Rxg6 Kf7 37. Qg2 Rh8 38. Kg1 Rcg8 39. Kf2 Bf6 40. Rxg8
Rxg8 41. Qh3 Rh8 42. Qg2 Bh4+ 43. Kf1 Nf6 44. Rh3 Qxg2+ 45. Kxg2 Ng4 46. Bd1
Nf2 47. Rxh4 Rxh4 48. Kxf2 Rxh2+ 49. Ke3 Ke7 50. c4 Rh1 51. Kd2 Rh4 52. Kc2
Rh2+ 53. Bd2 Kd6 54. Kd3 Rh3+ 55. Be3 b5 56. c5+ Kd7 57. a4 a6 58. axb5 axb5
59. Bb3 Rh2 60. Bc2 Rh3 61. Bb3 Rh1 62. Bc2 Rh2 63. Bd2 Rh3+ 64. Be3 Rh1 65.
Bd2 Rh2 66. Be3 Rh3 67. Bb3 Rf3 68. Bc2 Rh3 69. Bb3 Rg3 70. Bc2 Rh3 71. Bb3 Rh1
72. Bc2 Ra1 73. Bf2 Rh1 74. Be3 Rh3 75. Bd1 Rh2 76. Be2 Rh1 77. Kd2 Rh2 78. Kd3
Rh4 79. Kd2 Rh2 80. Kd3 Rh4 81. Kd2 Rh2 82. Kd3 Rh1 83. Kd2 Rh3 84. Kd3 Rh1 85.
Kd2 Rh3 86. Kd3 Rh1 87. Kd2 Ra1 88. Kd3 Ra2 89. Kc2 Ra8 90. Bd3 Rh8 91. d5
1/2-1/2

[Event "Landesklasse West 2014/2015"]
[Site "?"]
[Date "2015.01.11"]
[Round "6"]
[White "Meyer, Peter"]
[Black "Brehme, Stefan"]
[Result "0-1"]
[WhiteElo "1579"]
[BlackElo "1806"]
[PlyCount "72"]
[EventDate "2015.??.??"]

1. e4 e5 2. Bc4 Nc6 3. c3 d6 4. d4 Qh4 5. Qd3 Nf6 6. Nd2 Qg4 7. Ngf3 h6 8. O-O
Bd7 9. b4 Qh5 10. Re1 O-O-O 11. d5 Ne7 12. Nf1 g5 13. Ng3 Qg6 14. Be3 Kb8 15.
a4 Nh5 16. a5 Nf4 17. Qf1 h5 18. h4 gxh4 19. Nxh4 Qg4 20. Nf3 h4 21. Nh2 Qg6
22. Ne2 Bh6 23. Nxf4 Bxf4 24. b5 Rdg8 25. Bxa7+ Kxa7 26. b6+ Kb8 27. bxc7+ Kxc7
28. a6 Bh3 29. Reb1 Qxg2+ 30. Qxg2 Rxg2+ 31. Kf1 Rxh2+ 32. Ke2 b6 33. a7 Ra8
34. Ra6 Nc8 35. Rba1 Bg4+ 36. Kd3 Rxf2 0-1

[Event "Landesklasse West 2014/2015"]
[Site "?"]
[Date "2015.01.11"]
[Round "6"]
[White "Mages, Horst"]
[Black "Lorenz, Sebastian"]
[Result "1/2-1/2"]
[WhiteElo "1700"]
[BlackElo "1558"]
[PlyCount "90"]
[EventDate "2015.??.??"]

1. d4 Nf6 2. Nf3 e6 3. e3 c5 4. Bd3 d5 5. b3 Nc6 6. Bb2 a6 7. a3 b5 8. Ne5 Bb7
9. Nxc6 Bxc6 10. dxc5 Bxc5 11. O-O Qc7 12. Nd2 h5 13. h3 Ke7 14. Be2 Rag8 15.
b4 Ba7 16. Nb3 Bb8 17. f4 Ne4 18. Be5 Qd7 19. Bxb8 Rxb8 20. Qd4 Qc7 21. Bf3 Nd6
22. Qc5 Rbc8 23. Rfc1 Bd7 24. Qd4 Qc3 25. Nc5 Qxd4 26. exd4 Rc6 27. c3 Bc8 28.
Re1 Kf6 29. Kf2 Nb7 30. Re5 Nxc5 31. dxc5 h4 32. Rh5 Rxh5 33. Bxh5 Ke7 34. Bf3
f5 35. Re1 Kf6 36. Bd1 g5 37. Kf3 Rc7 38. Ke3 Rg7 39. fxg5+ Rxg5 40. Bf3 Bb7
41. Kf4 Rg7 42. Re2 Re7 43. Re5 Rg7 44. Re1 Re7 45. Re5 Rg7 1/2-1/2

[Event "Landesklasse West 2014/2015"]
[Site "?"]
[Date "2015.01.11"]
[Round "6"]
[White "Nolte, Rainer"]
[Black "Licht, Ralph"]
[Result "1/2-1/2"]
[WhiteElo "1558"]
[BlackElo "1667"]
[PlyCount "67"]
[EventDate "2015.??.??"]

1. d4 Nf6 2. Nf3 d5 3. e3 c6 4. c4 Bf5 5. Nc3 e6 6. Bd3 Bxd3 7. Qxd3 Nbd7 8.
O-O Bd6 9. Bd2 O-O 10. Rfe1 dxc4 11. Qxc4 e5 12. Ng5 Qc7 13. h3 Rac8 14. Nce4
Be7 15. Bb4 Bxb4 16. Qxb4 h6 17. Nxf6+ Nxf6 18. Nf3 exd4 19. Qxd4 c5 20. Qc4 b6
21. Red1 Rfd8 22. Qc2 Rxd1+ 23. Rxd1 Rd8 24. Rxd8+ Qxd8 25. a4 Qd5 26. Nd2 Kf8
27. f3 g6 28. Qc3 Ke7 29. Kf2 Nd7 30. Nc4 Qc6 31. Qc2 Qd5 32. Qc3 Qc6 33. Qc2
Qd5 34. Qc3 1/2-1/2

[Event "Landesklasse West 2014/2015"]
[Site "?"]
[Date "2015.01.11"]
[Round "6"]
[White "Engel, Udo"]
[Black "Walter, Martin"]
[Result "1/2-1/2"]
[WhiteElo "1438"]
[BlackElo "1660"]
[PlyCount "71"]
[EventDate "2015.??.??"]

1. e4 e5 2. Nf3 Nf6 3. Nc3 Bb4 4. d3 d6 5. Bd2 Nc6 6. h3 Be6 7. Be2 h6 8. a3
Ba5 9. Na4 Bxd2+ 10. Qxd2 Qd7 11. Nc3 O-O 12. Qe3 a6 13. O-O Ne7 14. Bd1 Nh7
15. Nh2 Ng6 16. Qg3 Nf6 17. Bf3 c6 18. Rad1 b5 19. Ne2 Qc7 20. Bg4 Nxg4 21.
hxg4 Qe7 22. f4 exf4 23. Nxf4 Nxf4 24. Rxf4 Rad8 25. c3 f6 26. d4 d5 27. e5
fxe5 28. Rxf8+ Rxf8 29. Qxe5 Qf6 30. Qxf6 Rxf6 31. Rf1 Rxf1+ 32. Kxf1 Kf7 33.
Kf2 Ke7 34. Kf3 Kf6 35. Kf4 Bc8 36. Nf1 1/2-1/2

[Event "Thüringenliga 2014/2015"]
[Site "?"]
[Date "2014.09.07"]
[Round "1"]
[White "Siebarth, Raiko"]
[Black "Steinacker, Alex"]
[Result "1/2-1/2"]
[WhiteElo "2227"]
[BlackElo "2152"]
[PlyCount "87"]
[EventDate "2014.??.??"]
[WhiteTeam "SG Blau-Weiß Stadtilm"]
[BlackTeam "Erfurter Schachklub"]

1. e4 c5 2. Nc3 g6 3. Nge2 Bg7 4. g3 Nc6 5. Bg2 e6 6. O-O Nge7 7. d3 d6 8. Be3
Nd4 9. Rb1 Nec6 10. Qd2 O-O 11. Nd1 Qa5 12. Nxd4 Qxd2 13. Bxd2 cxd4 14. a4 b6
15. b3 a6 16. Nb2 b5 17. f4 Bd7 18. Bf3 Rfc8 19. Rfc1 Bf6 20. Ra1 Bd8 21. Bd1
Ba5 22. Bxa5 Nxa5 23. axb5 axb5 24. Ra3 Nc6 25. Rca1 Rxa3 26. Rxa3 Nb4 27. Ra7
Be8 28. Ra1 Kf8 29. Kf2 Bd7 30. Ke2 Nxc2 31. Ra7 Ke8 32. Nc4 bxc4 33. Bxc2 cxb3
34. Bxb3 Rb8 35. Bc2 e5 36. Kd2 Be6 37. fxe5 dxe5 38. Ra5 f6 39. Ra6 Ke7 40.
Ra7+ Bd7 41. Ba4 Rd8 42. Bb5 Ke8 43. Bc4 Rc8 44. h4 1/2-1/2

[Event "Thüringenliga 2014/2015"]
[Site "?"]
[Date "2014.09.07"]
[Round "1"]
[White "Brüggemann, Joachim"]
[Black "Schneider, Christian"]
[Result "1/2-1/2"]
[WhiteElo "2198"]
[BlackElo "2196"]
[PlyCount "86"]
[EventDate "2014.??.??"]
[WhiteTeam "Erfurter Schachklub"]
[BlackTeam "SG Blau-Weiß Stadtilm"]

1. e4 c6 2. d4 d5 3. Nc3 dxe4 4. Nxe4 Nd7 5. Bc4 e6 6. Nf3 Ngf6 7. Qe2 Qc7 8.
O-O Nxe4 9. Qxe4 Nf6 10. Qe2 Bd6 11. Re1 O-O 12. Ne5 c5 13. dxc5 Qxc5 14. Bd3
Bxe5 15. Qxe5 Qxe5 16. Rxe5 Bd7 17. Bd2 Bc6 18. f3 Rfd8 19. Bg5 h6 20. Bxf6
gxf6 21. Rc5 Rd6 22. a4 a5 23. Kf2 Kg7 24. Ke3 f5 25. g3 Kf6 26. Bb5 Bxb5 27.
Rxb5 Rc8 28. Rc1 b6 29. c4 Rdc6 30. b3 Rd8 31. f4 h5 32. Rc3 Ke7 33. c5 Rdc8
34. Kd4 Rd8+ 35. Ke3 Rdc8 36. Kd3 Rd8+ 37. Kc2 Rdc8 38. Rxb6 Rxc5 39. Rb7+ Kd6
40. Rxc5 Rxc5+ 41. Kd2 Rc7 42. Rb8 f6 43. Rf8 h4 1/2-1/2

[Event "Thüringenliga 2014/2015"]
[Site "?"]
[Date "2014.09.07"]
[Round "1"]
[White "Siebarth, Marco"]
[Black "Vökler, Bernd"]
[Result "1/2-1/2"]
[WhiteElo "1976"]
[BlackElo "2246"]
[PlyCount "26"]
[EventDate "2014.??.??"]
[WhiteTeam "SG Blau-Weiß Stadtilm"]
[BlackTeam "Erfurter Schachklub"]

1. e4 c5 2. Nf3 d6 3. d4 cxd4 4. Nxd4 Nf6 5. Nc3 a6 6. g3 e5 7. Nde2 Be7 8. Bg2
h5 9. h3 Be6 10. Be3 Nbd7 11. a4 Qc7 12. O-O Nf8 13. Nd5 Bxd5 1/2-1/2

[Event "Thüringenliga 2014/2015"]
[Site "?"]
[Date "2014.09.07"]
[Round "1"]
[White "Duzy, Stefan"]
[Black "George, Tom"]
[Result "0-1"]
[WhiteElo "1951"]
[BlackElo "1884"]
[PlyCount "60"]
[EventDate "2014.??.??"]
[WhiteTeam "Erfurter Schachklub"]
[BlackTeam "SG Blau-Weiß Stadtilm"]

1. f4 c5 2. Nf3 Nc6 3. b3 Nf6 4. Bb2 g6 5. e3 Bg7 6. Be2 d5 7. Ne5 O-O 8. O-O
a6 9. Bf3 Nxe5 10. fxe5 Ne4 11. d4 cxd4 12. Bxe4 dxe4 13. exd4 f6 14. exf6 exf6
15. d5 Bg4 16. Qd4 Rf7 17. c4 f5 18. Qd2 e3 19. Qc1 e2 20. Re1 Bxb2 21. Qxb2
Qb6+ 22. Kh1 f4 23. Nd2 Qe3 24. Qc1 f3 25. Nxf3 Rxf3 26. Qxe3 Rxe3 27. Rab1 Bf5
28. Rb2 Bd3 29. Rd2 Rf8 30. Kg1 Rf1+ 0-1

[Event "Thüringenliga 2014/2015"]
[Site "?"]
[Date "2014.09.07"]
[Round "1"]
[White "Berner, Stephan"]
[Black "Burkhardt, Kai"]
[Result "1-0"]
[WhiteElo "1870"]
[BlackElo "1756"]
[PlyCount "111"]
[EventDate "2014.??.??"]
[WhiteTeam "SG Blau-Weiß Stadtilm"]
[BlackTeam "Erfurter Schachklub"]

1. e4 c5 2. Nc3 a6 3. f4 Nc6 4. Nf3 b5 5. d3 e6 6. g3 Bb7 7. Bg2 b4 8. Ne2 Nf6
9. h3 h5 10. O-O Be7 11. Be3 Qc7 12. Ng5 O-O 13. Kh2 Rac8 14. Ng1 d6 15. f5
exf5 16. Rxf5 Nd4 17. Rf2 h4 18. Bf4 hxg3+ 19. Bxg3 Ba8 20. Bf3 Nxf3+ 21. Qxf3
c4 22. Ne2 Qc5 23. Bf4 d5 24. d4 dxe4 25. dxc5 exf3 26. Nxf3 Bxc5 27. Nfd4 Rfe8
28. c3 Re4 29. Ng3 Re7 30. Ngf5 Re4 31. Bg5 Bxd4 32. Nxd4 Rce8 33. Bxf6 gxf6
34. Rxf6 Kg7 35. Rxa6 Rf4 36. Kg3 Rfe4 37. Rg1 Re3+ 38. Kf2+ Kf8 39. Rxa8 Rxa8
40. Kxe3 Rxa2 41. cxb4 Rxb2 42. b5 Ke8 43. h4 c3 44. Rc1 Rh2 45. Nf5 Rh3+ 46.
Kd4 Rf3 47. Ke4 Rh3 48. Ke5 Kd7 49. Kf6 Rf3 50. h5 Kc7 51. h6 Rh3 52. Kg7 Rh5
53. Rxc3+ Kd7 54. h7 Rg5+ 55. Kh6 Rg6+ 56. Kh5 1-0

[Event "Thüringenliga 2014/2015"]
[Site "?"]
[Date "2014.09.07"]
[Round "1"]
[White "Schneider, Thomas"]
[Black "Schröter, Maik"]
[Result "1-0"]
[WhiteElo "1900"]
[BlackElo "1801"]
[PlyCount "37"]
[EventDate "2014.??.??"]
[WhiteTeam "Erfurter Schachklub"]
[BlackTeam "SG Blau-Weiß Stadtilm"]

1. d4 Nf6 2. c4 b6 3. Nc3 e6 4. e4 Bb7 5. Bd3 Bb4 6. Qc2 d5 7. cxd5 Bxc3+ 8.
bxc3 exd5 9. e5 Ne4 10. Ne2 c5 11. O-O a6 12. Be3 cxd4 13. cxd4 Nd7 14. Bxe4
dxe4 15. Ng3 Rc8 16. Qb3 Nf8 17. Nf5 Ne6 18. Nd6+ Kd7 19. Nxb7 1-0

[Event "Thüringenliga 2014/2015"]
[Site "?"]
[Date "2014.09.07"]
[Round "1"]
[White "Schmidt, Daniel"]
[Black "Fischer, Dieter"]
[Result "0-1"]
[WhiteElo "1841"]
[BlackElo "1903"]
[PlyCount "124"]
[EventDate "2014.??.??"]
[WhiteTeam "SG Blau-Weiß Stadtilm"]
[BlackTeam "Erfurter Schachklub"]

1. d4 d5 2. g3 Bf5 3. Bg2 Nf6 4. e3 e6 5. Ne2 Be7 6. O-O O-O 7. b3 c6 8. Bb2 a5
9. a4 Na6 10. c3 Re8 11. Ba3 Bxa3 12. Nxa3 Qd6 13. Qd2 Ne4 14. Qb2 h6 15. Nc2
Rab8 16. f3 Nf6 17. g4 Bd3 18. Ne1 Bh7 19. h4 e5 20. g5 Nh5 21. Qd2 exd4 22.
exd4 hxg5 23. hxg5 Rxe2 24. Qxe2 Ng3 25. Qe5 Qxe5 26. dxe5 Nxf1 27. Bxf1 Nc5
28. b4 axb4 29. cxb4 Ne6 30. b5 cxb5 31. axb5 Nxg5 32. Rd1 Rd8 33. Kf2 Ne6 34.
Bd3 g5 35. Bxh7+ Kxh7 36. Nc2 Kg6 37. Nb4 d4 38. Rd2 Kf5 39. Re2 Nf4 40. Rd2
Kxe5 41. Nc2 Ne6 42. Nb4 f5 43. Nd3+ Kd5 44. Rc2 Rh8 45. Kg3 Rh7 46. b6 Rh8 47.
Rc1 f4+ 48. Kg4 Rb8 49. Rc2 Kd6 50. Rc4 Ra8 51. Rc1 Ra5 52. Nf2 Rd5 53. Ne4+
Ke7 54. Rc7+ Rd7 55. Rc1 d3 56. Nxg5 d2 57. Rd1 Nxg5 58. Kxg5 Rd4 59. Kf5 Kd6
60. Kf6 Rd5 61. Kf7 Kc5 62. Ke6 Kc6 0-1

[Event "Thüringenliga 2014/2015"]
[Site "?"]
[Date "2014.09.07"]
[Round "1"]
[White "Kosev, Momchil"]
[Black "Werner, Justus"]
[Result "0-1"]
[WhiteElo "1382"]
[BlackElo "1797"]
[PlyCount "88"]
[EventDate "2014.??.??"]
[WhiteTeam "Erfurter Schachklub"]
[BlackTeam "SG Blau-Weiß Stadtilm"]

1. d4 Nf6 2. g3 e6 3. Bg2 d5 4. Nf3 Nbd7 5. b3 c6 6. O-O Ne4 7. Bb2 Bd6 8. c4
O-O 9. Nc3 Ndf6 10. Nd2 Nxc3 11. Bxc3 Re8 12. e4 dxe4 13. Nxe4 Nxe4 14. Bxe4
Qc7 15. f4 c5 16. Qc2 h6 17. Rae1 Bd7 18. Qb2 Bf8 19. Re2 Bc6 20. Rfe1 Red8 21.
Qa1 Rd7 22. Bxc6 Qxc6 23. Rd1 Rad8 24. Ree1 cxd4 25. Bxd4 Rxd4 26. Rxd4 Rxd4
27. Re5 Rd2 28. Qf1 Bc5+ 29. Rxc5 Qxc5+ 30. Kh1 Qf2 31. Qxf2 Rxf2 32. a3 Rf3
33. b4 Rxa3 34. c5 Rb3 35. b5 Rxb5 36. c6 bxc6 37. Kg2 a5 38. Kf3 a4 39. g4 a3
40. h3 a2 41. Kg3 a1=Q 42. Kf3 Qa3+ 43. Kg2 Rb2+ 44. Kh1 Qa1# 0-1

[Event "Thüringenliga 2014/2015"]
[Site "?"]
[Date "2014.09.07"]
[Round "1"]
[White "Hoffmann, Tim"]
[Black "Hermannsdörfer, Frank"]
[Result "1/2-1/2"]
[WhiteElo "1979"]
[BlackElo "2115"]
[PlyCount "61"]
[EventDate "2014.??.??"]
[WhiteTeam "ESV Gera"]
[BlackTeam "SV 1861 Liebschwitz"]

1. e4 d6 2. Nc3 Nf6 3. f4 d5 4. e5 d4 5. Nce2 Nd5 6. d3 c5 7. Nf3 f5 8. c3 dxc3
9. Nxc3 Nc6 10. Be2 e6 11. O-O Be7 12. Kh1 O-O 13. d4 cxd4 14. Nxd4 Bc5 15. Nb3
Bb6 16. Bf3 Nce7 17. Bxd5 exd5 18. Ne2 Nc6 19. Nbd4 Bxd4 20. Nxd4 Qb6 21. Nc2
d4 22. b3 Rd8 23. Qd3 Be6 24. Rd1 Rd5 25. Bb2 Rad8 26. Rd2 a5 27. Ba3 g6 28.
Rad1 Na7 29. Bb2 Nc6 30. Ba3 Na7 31. Bb2 1/2-1/2

[Event "Thüringenliga 2014/2015"]
[Site "?"]
[Date "2014.09.07"]
[Round "1"]
[White "Zeidler, Andreas"]
[Black "Puschendorf, Steffen"]
[Result "0-1"]
[WhiteElo "2177"]
[BlackElo "2065"]
[PlyCount "98"]
[EventDate "2014.??.??"]
[WhiteTeam "SV 1861 Liebschwitz"]
[BlackTeam "ESV Gera"]

1. Nf3 e6 2. d4 d5 3. g3 c6 4. Bg2 f5 5. O-O Nf6 6. Ne5 Bd6 7. Bg5 O-O 8. Nd2
Nbd7 9. Nxd7 Bxd7 10. c4 h6 11. Bxf6 Qxf6 12. e3 g5 13. f4 gxf4 14. gxf4 Kh7
15. c5 Bc7 16. Nf3 Rg8 17. Kh1 Rg7 18. Rg1 Rag8 19. Qe1 Be8 20. Qf2 Bh5 21.
Raf1 Bg4 22. h3 Bh5 23. Kh2 Bd8 24. Bh1 Bxf3 25. Bxf3 Qh4 26. Qxh4 Bxh4 27. Bh5
Rxg1 28. Rxg1 Bf2 29. Rf1 Bxe3 30. Bf7 Rf8 31. Bxe6 Bxd4 32. b4 Kg6 33. Re1 Bc3
34. Re2 Rd8 35. Rg2+ Kf6 36. Bg8 Rd7 37. a3 d4 38. h4 d3 39. Bb3 d2 40. Bd1 Rd4
41. h5 Rxf4 42. Rg6+ Ke5 43. Rd6 Rf1 44. Bb3 Bd4 45. Kg3 f4+ 46. Kg4 Rg1+ 47.
Kf3 Rg3+ 48. Ke2 Rxb3 49. Kxd2 f3 0-1

[Event "Thüringenliga 2014/2015"]
[Site "?"]
[Date "2014.09.07"]
[Round "1"]
[White "Gläßl, Matthias"]
[Black "Gerhardt, Frank"]
[Result "1/2-1/2"]
[WhiteElo "2021"]
[BlackElo "2008"]
[PlyCount "73"]
[EventDate "2014.??.??"]
[WhiteTeam "ESV Gera"]
[BlackTeam "SV 1861 Liebschwitz"]

1. e4 c5 2. Nf3 Nc6 3. Bb5 e6 4. Bxc6 dxc6 5. Qe2 Ne7 6. d3 Qc7 7. e5 b6 8. a4
a5 9. O-O Ba6 10. Nc3 Nf5 11. Qe4 Rd8 12. Bg5 Rd7 13. Ne2 Be7 14. Bd2 O-O 15.
g4 Nd4 16. Nexd4 cxd4 17. Nxd4 Bb7 18. Nb3 c5 19. Qe2 Qc6 20. f3 c4 21. dxc4
Ba6 22. Nc1 Bxc4 23. Nd3 Rfd8 24. Bc3 Rxd3 25. cxd3 Bxd3 26. Qe1 Bxf1 27. Qxf1
Bc5+ 28. Kg2 Qd5 29. Qe2 Qd3 30. Qxd3 Rxd3 31. Rc1 Rd5 32. Rc2 Kf8 33. f4 Ke7
34. Rd2 Rxd2+ 35. Bxd2 Kd7 36. Kf3 Kc6 37. Ke4 1/2-1/2

[Event "Thüringenliga 2014/2015"]
[Site "?"]
[Date "2014.09.07"]
[Round "1"]
[White "Kastner, Peter"]
[Black "Schmidt, Frank"]
[Result "1/2-1/2"]
[WhiteElo "1974"]
[BlackElo "1937"]
[PlyCount "37"]
[EventDate "2014.??.??"]
[WhiteTeam "SV 1861 Liebschwitz"]
[BlackTeam "ESV Gera"]

1. e4 e6 2. d4 d5 3. Nc3 Nf6 4. Bg5 Bb4 5. Nge2 dxe4 6. a3 Be7 7. Bxf6 gxf6 8.
Nxe4 f5 9. N4c3 c6 10. Qd2 b6 11. g3 Bb7 12. Bg2 Nd7 13. h4 h5 14. Nf4 Qc7 15.
O-O-O O-O-O 16. Bf3 Nf6 17. Qe2 Ng4 18. Rhe1 Kb8 19. Bxg4 1/2-1/2

[Event "Thüringenliga 2014/2015"]
[Site "?"]
[Date "2014.09.07"]
[Round "1"]
[White "Hilbig, Dieter"]
[Black "Biel, Maik"]
[Result "1/2-1/2"]
[WhiteElo "1923"]
[BlackElo "1955"]
[PlyCount "90"]
[EventDate "2014.??.??"]
[WhiteTeam "ESV Gera"]
[BlackTeam "SV 1861 Liebschwitz"]

1. e4 c5 2. Nc3 e6 3. f4 a6 4. Nf3 Nc6 5. g3 b5 6. d3 Bb7 7. Bg2 d6 8. O-O Be7
9. Kh1 Nf6 10. b3 O-O 11. Bb2 Qb6 12. Nh4 Rac8 13. Ne2 Ng4 14. Qd2 Bf6 15. Bxf6
Nxf6 16. f5 e5 17. h3 c4 18. g4 Nd4 19. Nxd4 Qxd4 20. Qe2 cxd3 21. cxd3 Rc3 22.
g5 Nd7 23. Rad1 f6 24. Rg1 d5 25. Kh2 Qc5 26. Qg4 fxg5 27. Qxg5 Rc2 28. Rc1 h6
29. Rxc2 hxg5 30. Rxc5 Nxc5 31. Ng6 Rd8 32. exd5 Nxd3 33. Rd1 e4 34. Kg3 Kf7
35. Bxe4 Nb4 36. Ne5+ Ke7 37. Rc1 Bxd5 38. Bxd5 Rxd5 39. Nc6+ Nxc6 40. Rxc6 a5
41. Kg4 Rd2 42. Kxg5 Rg2+ 43. Kf4 Rxa2 44. Rc7+ Kf6 45. Rc6+ Kf7 1/2-1/2